El Clima bélico y la alteración de la paz /
Guardado en:
| Autor principal: | |
|---|---|
| Formato: | Texto |
| Etiquetas: |
Agregar Etiqueta
Sin Etiquetas, Sea el primero en etiquetar este registro!
|
MARC
| LEADER | 00000 a a2200000 04500 | ||
|---|---|---|---|
| 001 | 1615 | ||
| 003 | |||
| 040 | |||
| 100 | |a Morales Gamboa, Abelardo | ||
| 245 | |a El Clima bélico y la alteración de la paz / |c Abelardo Morales Gamboa | ||
| 773 | |g número 25; páginas 4-6 | ||
| 999 | |c 37907 |d 37907 | ||
